000 00711nam a22001937a 4500
005 20241227143649.0
008 241226b |||||||| |||| 00| 0 eng d
020 _a9781849944748
041 _aEng
082 _a746.44
_bPIL
100 _aPile Jessica Jane
_9209237
245 _aFashion Embroidery: Embroidery Techniques & Inspiration for Haute-Couture Clothing
260 _aUnited Kingdom
_bBatsford
_c2018
300 _a144
365 _b2077.50
_cRs.00
520 _a1. Introduction 2. Embroidery in fashion 3. Do it yourself 4. Basic embroidery stitches 5. Silk shading 6. Goldwork 7. Tambour beading 8. Using other materials 9. Moving on
650 _aEmbroidery
_9119869
942 _cBK
999 _c362368
_d362368